Austria : Selected Issues.

This Selected Issues paper for Austria reports the impact of the government size, in addition to tax and expenditure composition, on real GDP growth. In addition to having a large public sector relative to the European Union (EU) 15 average, the composition of revenues is skewed, on the one hand, to...

Full description

Bibliographic Details
Corporate Author: International Monetary Fund
Format: Journal
Language:English
Published: Washington, D.C. : International Monetary Fund, 2004.
Series:IMF Staff Country Reports; Country Report ; No. 2004/237
Online Access:Full text available on IMF
LEADER 01567cas a2200241 a 4500
001 AALejournalIMF003153
008 230101c9999 xx r poo 0 0eng d
020 |c 5.00 USD 
020 |z 9781451802344 
022 |a 1934-7685 
040 |a BD-DhAAL  |c BD-DhAAL 
110 2 |a International Monetary Fund. 
245 1 0 |a Austria :   |b Selected Issues. 
264 1 |a Washington, D.C. :  |b International Monetary Fund,  |c 2004. 
300 |a 1 online resource (21 pages) 
490 1 |a IMF Staff Country Reports 
500 |a <strong>Off-Campus Access:</strong> No User ID or Password Required 
500 |a <strong>On-Campus Access:</strong> No User ID or Password Required 
506 |a Electronic access restricted to authorized BRAC University faculty, staff and students 
520 3 |a This Selected Issues paper for Austria reports the impact of the government size, in addition to tax and expenditure composition, on real GDP growth. In addition to having a large public sector relative to the European Union (EU) 15 average, the composition of revenues is skewed, on the one hand, toward direct taxes. The distribution of expenditure, on the other hand, is broadly in line with the European Union (EU) 15 average. Austria is characterized by a heavy taxation of the factors of production, mainly labor, and to a lesser extent, capital. 
538 |a Mode of access: Internet 
830 0 |a IMF Staff Country Reports; Country Report ;  |v No. 2004/237 
856 4 0 |z Full text available on IMF  |u http://elibrary.imf.org/view/journals/002/2004/237/002.2004.issue-237-en.xml  |z IMF e-Library